01085nam a2200181 i 450000100060000000300090000600500170001500800410003224503820007324601080045524600830056326000420064630000300068861000580071871000450077674000610082185200210088243309ES-MaACL20240111173642.0030317s1933 sp a |||| | spa d00aPrimer centenario de la inaguración del edificio de la Facultad de Farmacia de la Universidad Central, construido y cedido al Estado por los farmacéuticos españoles b: actos conmemorativos del mismo : trabajos premiados en el Certamen Científico Hispanoamericano y Álbum de farmaceúticos españoles contemporáneos : Madrid 24 de noviembre - 3 de diciembre 1930.34iTít. de cubaLibro de oro de la Academia Nacional de Farmacia, Primer Centenario de la Facultad, 19302 iTít. de anteport.aActos conmemorativos de la Facultad de Farmacia, MDCCCXXX aMadrid : b[s.n.], c1933 (fHerrera) a667 p. : bil. ; c28 cm.24aUniversidad Central (Madrid). bFacultad de Farmacia.2 aAcademia Nacional de Farmacia (España)02aÁlbum de farmaceúticos españoles contemporáneos. aES-MaACLjA-2622